Сочинения Г.П. Данилевского. Т. 22 (Запись № 10737980)

Подробности
000 -МАРКЕР
контрольное поле 02141nam2a22003371 4500
001 - ИДЕНТИФИКАТОР ЗАПИСИ
контрольное поле RU\NLR\19V\602248
005 - ИДЕНТИФИКАТОР ВЕРСИИ
контрольное поле 20250614041525.0
035 ## - ДРУГИЕ СИСТЕМНЫЕ НОМЕРА
Идентификатор записи (NLR Aleph) 010349006
100 ## - ДАННЫЕ ОБЩЕЙ ОБРАБОТКИ
Данные общей обработки 20070823d1902 |||y0rusy50 ca
101 0# - ЯЗЫК РЕСУРСА
Язык текста, звукозаписи и т.д. русский
102 ## - СТРАНА ПУБЛИКАЦИИ ИЛИ ПРОИЗВОДСТВА
Страна публикации Российская Федерация
105 ## - ПОЛЕ КОДИРОВАННЫХ ДАННЫХ: ТЕКСТОВЫЕ МАТЕРИАЛЫ, МОНОГРАФИЧЕСКИЕ
Кодированные данные о монографическом текстовом документе y z| |||g|
200 0# - ЗАГЛАВИЕ И СВЕДЕНИЯ ОБ ОТВЕТСТВЕННОСТИ
Основное заглавие Т. 22
210 ## - ПУБЛИКАЦИЯ, РАСПРОСТРАНЕНИЕ И ДР.
Дата издания, распространения и т.д. 1902
Место издания, распространения и т.д. Б. м.
215 ## - ФИЗИЧЕСКАЯ ХАРАКТЕРИСТИКА
Специфическое обозначение материала и объем 138 с.
Размеры 19
327 1# - ПРИМЕЧАНИЯ О СОДЕРЖАНИИ
Текст примечания Содерж.: Стихотворения; Крымские стихотворения; Эпизод из поэмы Адвокатство женщины Евгении Сарафановой; Гвая-Ллир, или Мехиканские ночи; Пир у поэта Катулла
461 #0 - УРОВЕНЬ НАБОРА
Встроенное поле 001v19\rc\1741534
-- 2001#$aСочинения Г.П. Данилевского$eв 24 т., с портр. автора [факс. и биогр. очерком]$vТ. 22
Системный номер (АБИС) связанной записи 5776555
Автор Данилевский, Г. П. (1829-1890)
Место публикации Санкт-Петербург
Дата публикации 1902
Издание 9-е изд.
Имя издателя, распространителя и т.д. А.Ф. Маркс
Сведения, относящиеся к заглавию в 24 т., с портр. автора [факс. и биогр. очерком]
Физическая характеристика 22 т.
Заглавие Сочинения Г.П. Данилевского
Номер тома Т. 22
464 #0 - АНАЛИТИЧЕСКИЙ УРОВЕНЬ
Встроенное поле 2001#$aСтихотворения$aКрымские стихотворения
Заглавие Крымские стихотворения
464 #0 - АНАЛИТИЧЕСКИЙ УРОВЕНЬ
Встроенное поле 2001#$aЭпизод из поэмы Адвокатство женщины Евгении Сарафановой
-- 5170#$aАдвокатство женщины Евгении Сарафановой
Заглавие Эпизод из поэмы Адвокатство женщины Евгении Сарафановой
464 #0 - АНАЛИТИЧЕСКИЙ УРОВЕНЬ
Встроенное поле 2001#$aГвая-Ллир, или Мехиканские ночи
-- 5170#$aМехиканские ночи
Заглавие Гвая-Ллир, или Мехиканские ночи
464 #0 - АНАЛИТИЧЕСКИЙ УРОВЕНЬ
Встроенное поле 2001#$aПир у поэта Катулла
Заглавие Пир у поэта Катулла
801 #0 - ИСТОЧНИК ЗАПИСИ
Страна Российская Федерация
Организация NLR
Дата составления 20070823
Правила каталогизации psbo
801 #1 - ИСТОЧНИК ЗАПИСИ
Страна Российская Федерация
Организация NLR
Дата составления 20070823
Источник данных rusmarc
852 ## - МЕСТОНАХОЖДЕНИЕ И ШИФР ХРАНЕНИЯ
Идентификатор организации NLR
Шифр хранения (Call Number) 34.9.4.20 (11-12)
899 ## - ДАННЫЕ О МЕСТОНАХОЖДЕНИИ (устаревшее)
Местонахождение RuMoRGB
Шифр хранения F 103/88
899 ## - ДАННЫЕ О МЕСТОНАХОЖДЕНИИ (устаревшее)
Местонахождение RuMoRGB
Шифр хранения Рб 10/377
899 ## - ДАННЫЕ О МЕСТОНАХОЖДЕНИИ (устаревшее)
Местонахождение ГПИБ (22)
942 ## - ДОПОЛНИТЕЛЬНЫЕ ЭЛЕМЕНТЫ ЗАПИСИ (АБИС)
Тип экземпляра АБИС Книга
980 ## - КОЛЛЕКЦИЯ
Название коллекции Национальная библиография

Нет доступных экземпляров.